| 000 | 00689nam a2200193 i 4500 | ||
|---|---|---|---|
| 001 | 103050 | ||
| 003 | ES-MaACL | ||
| 005 | 20250627191601.0 | ||
| 007 | t| | ||
| 008 | 060109s1922 sp ||||1| spa d | ||
| 080 | _a929 Sánchez de las Brozas, Francisco | ||
| 100 | 1 |
_aGonzález de la Calle, Pedro Urbano. _958548 |
|
| 245 | 1 | 0 |
_aEnsayo biográfico _b: vida profesional y académica de Francisco Sánchez de las Brozas / _cpor Pedro Urbano González de la Calle. |
| 260 |
_aMadrid : _b[s.n.], _c1922. |
||
| 300 |
_a536 p. ; _c21 cm. |
||
| 600 | 1 | 4 |
_aSánchez de las Brozas, Francisco, _d1522-1600 _9102587 |
| 852 |
_aES-MaACL _jG-9154 _bR.136578 |
||
| 999 |
_c103050 _d103050 |
||